000 00569nam a2200169 a 4500
008 120416s1962 ||||||||||||||||| || u
020 _a0674361539
050 _aBD 494 Lov
100 _aLovejoy, Arthur O
245 1 4 _aThe great chain of being
246 _aa study of the history of an idea
260 _aCambridge
_bCUP
_c1962
300 _a373p.
350 _a0.00
650 _aPHILOSOPHY
995 _D0.00
_FCBU-MAIN LIBRARY (Kitwe)
_H1
_I6.95
_M1
_UAVAILABLE
_WMay 12, 2006
_ZMain Library Open Access Collection
999 _c44912
_d44912